| 000 | 00701nam a2200253Ia 4500 | ||
|---|---|---|---|
| 008 | 181129s9999 xx 000 0 und d | ||
| 020 | _a9780545568456 | ||
| 050 | _bA752 2012 | ||
| 100 | _aArnold, Caroline | ||
| 245 | 2 | _aA warmer world : | |
| 245 | 0 | _bfrom polar bears to butterflies, how climate change affects wildlife / | |
| 245 | 0 | _cby Caroline Arnold ; illustrated by Jamie Hogan. | |
| 260 | _aNew York, NY : | ||
| 260 | _bScholastic, | ||
| 260 | _c2012 | ||
| 300 | _a31 pages : | ||
| 300 | _bcolor illustrations ; | ||
| 300 | _c25cm. | ||
| 500 | _a1110L | ||
| 650 | _aClimatic changes -- | ||
| 650 | _aGlobal warming. | ||
| 650 | _xJuvenile literature. | ||
| 700 | _aTitle. | ||
| 999 |
_c359843 _d359843 |
||